The Scotia widows : (Record no. 589224)
[ view plain ]
| 000 -LEADER | |
|---|---|
| fixed length control field | 00693cam a22002174a 4500 |
| 020 ## - INTERNATIONAL STANDARD BOOK NUMBER | |
| International Standard Book Number | 9781400067640 (alk. paper) |
| 082 00 - DEWEY DECIMAL CLASSIFICATION NUMBER | |
| Classification number | 344.730465 |
| 100 1# - MAIN ENTRY--PERSONAL NAME | |
| Personal name | Stern, Gerald M., |
| Dates associated with a name | 1937- |
| 245 14 - TITLE STATEMENT | |
| Title | The Scotia widows : |
| Remainder of title | inside their lawsuit against big daddy coal / |
| Statement of responsibility, etc. | Gerald M. Stern. |
| 260 ## - PUBLICATION, DISTRIBUTION, ETC. | |
| Place of publication, distribution, etc. | New York : |
| Name of publisher, distributor, etc. | Random House, |
| Date of publication, distribution, etc. | c2008. |
| 300 ## - PHYSICAL DESCRIPTION | |
| Extent | xi, 145 p. ; |
| Dimensions | 22 cm. |
| 563 ## - BINDING INFORMATION | |
| Binding note | H.B |
| 650 #0 - SUBJECT ADDED ENTRY--TOPICAL TERM | |
| Topical term or geographic name entry element | Trials |
| 650 #0 - SUBJECT ADDED ENTRY--TOPICAL TERM | |
| Topical term or geographic name entry element | Mine explosions |
| 942 ## - ADDED ENTRY ELEMENTS (KOHA) | |
| Source of classification or shelving scheme | |
| Koha item type | Book |
| 650 #0 - SUBJECT ADDED ENTRY--TOPICAL TERM | |
| -- | 91034 |
| 650 #0 - SUBJECT ADDED ENTRY--TOPICAL TERM | |
| -- | 91035 |
| Withdrawn status | Lost status | Source of classification or shelving scheme | Damaged status | Not for loan | Permanent Location | Current Location | Date acquired | Source of acquisition | Full call number | Barcode | Date last seen | Price effective from | Koha item type |
|---|---|---|---|---|---|---|---|---|---|---|---|---|---|
| NUST Law School (NLS) | NUST Law School (NLS) | 04/19/2022 | Donation | 344.730465 STE | CL-D-1685 | 04/19/2022 | 04/19/2022 | Book |
